| 000 | 00658nam a2200205 i 4500 | ||
|---|---|---|---|
| 001 | 15813 | ||
| 003 | ES-MaACL | ||
| 005 | 20230906151147.0 | ||
| 007 | t| | ||
| 008 | 000508s1976 sp ||||1| spa d | ||
| 020 | _a84-7051-107-6 | ||
| 080 | _a519.8 | ||
| 100 | 1 |
_aKaufmann, Arnold. _967646 |
|
| 245 | 1 | 0 |
_aMétodos y modelos de la investigación de operaciones. _n, . Tomo III / _cA. Kaufmann, A. Henry-Labordère. |
| 260 |
_aBarcelona : _bCompañía Editorial Continental, _c1976. |
||
| 300 |
_aXII, 407 p. ; _c23 cm. |
||
| 650 | 1 | 4 |
_aInvestigación operativa. _913897 |
| 700 | 1 |
_aHenry-Labordère, A. _962611 |
|
| 852 |
_aES-MaACL _jL-22939 _bR.115368 |
||
| 999 |
_c15813 _d15813 |
||